In theory : (Record no. 52342)

MARC details
000 -LEADER
fixed length control field 00981nam a22002177a 4500
005 - DATE AND TIME OF LATEST TRANSACTION
control field 20110511104316.0
010 ## - LCCN (DPL NO)
LC control number B-425577
020 ## - INTERNATIONAL STANDARD BOOK NUMBER
International Standard Book Number 0195635760
Terms of availability 395.00
020 ## - INTERNATIONAL STANDARD BOOK NUMBER
International Standard Book Number 9780195635768
Terms of availability 395.00
035 ## - SYSTEM CONTROL NUMBER
System control number B-425577
037 ## - SOURCE OF ACQUISITION
Source of stock number/acquisition RBC/VEN
082 ## - DEWEY DECIMAL CLASSIFICATION NUMBER
Classification number 809.891724
100 ## - MAIN ENTRY--PERSONAL NAME
Personal name Aijaz Ahmad.
245 ## - TITLE STATEMENT
Title In theory :
Remainder of title classes, nations, literatures /
Statement of responsibility, etc Aijaz Ahmad.
260 ## - PUBLICATION, DISTRIBUTION, ETC. (IMPRINT)
Place of publication, distribution, etc New Delhi
Name of publisher, distributor, etc Oxford University Press
Date of publication, distribution, etc 2010
300 ## - PHYSICAL DESCRIPTION
Extent viii, 338 p.;
Dimensions 23 cm.(pbk)
500 ## - GENERAL NOTE
General note Includes bibliographical references (p. 319-343) and index.
942 ## - ADDED ENTRY ELEMENTS (KOHA)
Source of classification or shelving scheme Dewey Decimal Classification
Item type English Books
Classification part 809.891724
Call number suffix AIZ
Holdings
Withdrawn status Lost status Not for loan Collection code Home library Current library Date acquired Source of acquisition Cost, normal purchase price Full call number Barcode Copy number Cost, replacement price Koha item type
      Non-fiction Central Library Central Library 16/05/2011 RBC/22493/23.3.11/76/4.3.11/25.3.11 395.00 809.891724 AIZ B-425577 1 395.00 English Books

© Delhi Public Library
Hit Counter
free hit counter